La flûte enchantée = (Record no. 170147)

MARC details
000 -LEADER
campo de control de longitud fija 00962nam a22002295i 4500
001 - NÚMERO DE CONTROL
campo de control 170147
003 - IDENTIFICADOR DE NÚMERO DE CONTROL
campo de control ES-MaACL
005 - FECHA Y HORA DE LA ÚLTIMA TRANSACCIÓN
campo de control 20250520160805.0
008 - DATOS DE LONGITUD FIJA--INFORMACIÓN GENERAL
campo de control de longitud fija 090206q1912 fr |||| | fre d
080 ## - NÚMERO DE LA CLASIFICACIÓN DECIMAL UNIVERSAL
Número de la Clasificación Decimal Universal 782.1
100 1# - ENTRADA PRINCIPAL--NOMBRE DE PERSONA
Nombre de persona Giesecke, Ludwig.
9 (RLIN) 139361
245 13 - MENCIÓN DEL TÍTULO
Título La flûte enchantée =
Resto del título (Die zauberfloete) : opéra en deux parties /
Mención de responsabilidad, etc. poème de Ludwig Giesecke & Emanuel Schikaneder ; traduction française du livret original par J.-G. Prod'homme & Jules Kienlin ; musique de W.-A. Mozart.
260 ## - PUBLICACIÓN, DISTRIBUCIÓN, ETC.
Lugar de publicación, distribución, etc. Paris :
Nombre del editor, distribuidor, etc. Gérard Billaudot :
-- Librairie Théatrale,
Fecha de publicación, distribución, etc. [ca. 1912]
300 ## - DESCRIPCIÓN FÍSICA
Extensión 62 p. ;
Dimensiones 18 cm.
650 #4 - PUNTO DE ACCESO ADICIONAL DE MATERIA--TÉRMINO DE MATERIA
Término de materia o nombre geográfico como elemento de entrada Óperas-
Subdivisión de forma Libretos.
9 (RLIN) 137584
700 1# - ENTRADA AGREGADA--NOMBRE PERSONAL
Nombre de persona Schikaneder, Emanuel.
9 (RLIN) 139362
700 1# - ENTRADA AGREGADA--NOMBRE PERSONAL
Nombre de persona Prod'homme, Jacques Gabriel.
9 (RLIN) 139363
700 1# - ENTRADA AGREGADA--NOMBRE PERSONAL
Nombre de persona Kienlin, Jules.
9 (RLIN) 139364
700 1# - ENTRADA AGREGADA--NOMBRE PERSONAL
Nombre de persona Mozart, Wolfgang Amadeus,
Fechas asociadas al nombre 1756-1791
9 (RLIN) 240565
852 4# - LOCALIZACIÓN
Ubicación ES-MaACL
Número de control de estantería 2246-F-9
Nota libre - Biblioteca Jacinto Martínez Lacalle
Holdings
Estatus retirado Estado de pérdida Estado de daño No para préstamo Colección Biblioteca de origen Biblioteca actual Ubicación en estantería Fecha de adquisición Fuente de adquisición Total de préstamos Signatura topográfica completa Código de barras Visto por última vez Precio de reemplazo Tipo de ítem Koha
        Colección de folletos Biblioteca del Ateneo de Madrid Biblioteca del Ateneo de Madrid Depósito folletos 06/02/2009     2246-F-9 1178632 23/02/2023 23/02/2023 Folleto